000 00633nam a2200193Ia 4500
003 LK-CoDNM
005 20240925100002.0
008 010623t1960 xxu||||| |||| 00| 1 sin d
040 _aLK-CoDNM
_dLK-CoDNM
_eLK-CoDNM
041 _asin
_hEnglish
080 _a22
_bA39
100 _aWickramasinghe,Martin
245 _aපුරාණ සිංහල ස්ත්‍රීන්ගේ ඇදුම
246 _aDress and Ornament in Ancient Ceylon
260 _bමවුන්ට් මන්ත්‍රනාලය
_aගල්කිස්ස
_c1935
300 _b122p. : ill ; 20 cm
650 _aAncient Dress
942 _cBK
999 _c105401
_d105401